Top 50 Baby Girl Names Beginning with N - Statistics

General Stats
  • This quiz has been taken 257 times
  • The average score is 27 of 50
Answer Stats
Hint Answer % Correct
27 Noor
97%
1 Nora
91%
7 Norah
91%
43 Natalee
88%
3 Natalie
88%
30 Nataly
88%
29 Nathalie
88%
36 Nathaly
88%
11 Nina
84%
50 Niya
78%
10 Nicole
76%
25 Nellie
74%
34 Neyeah
74%
28 Nancy
72%
6 Natalia
70%
45 Natalya
70%
33 Nathalia
70%
16 Nia
70%
4 Naomi
65%
23 Noemi
65%
32 Nyomi
65%
31 Natasha
63%
5 Neveah
61%
15 Nadia
60%
9 Nyla
57%
12 Nylah
57%
2 Nova
55%
18 Novah
55%
44 Nadine
54%
42 Nahla
54%
21 Nala
54%
46 Noel
51%
8 Noelle
51%
17 Nola
49%
38 Nori
45%
14 Noa
40%
26 Noah
40%
22 Naya
34%
41 Naila
25%
39 Nailah
25%
20 Navy
25%
40 Nayla
25%
48 Neriah
13%
35 Nyra
13%
24 Novalee
12%
13 Nayeli
9%
47 Nuri
9%
19 Nalani
5%
49 Noelia
4%
37 Nairobi
1%
No matching quizzes found
Score Distribution
Percent of People with Each Score
Percentile by Number Answered
Your Score History
You have not taken this quiz